[Event "Paracin Winter op"]
[Site "Paracin"]
[Date "2018.02.03"]
[Round "7"]
[White "Garabetyan, Arno"]
[Black "Pavlovic, Slobodan Z"]
[Result "1-0"]
[WhiteElo "2120"]
[BlackElo "1804"]
[PlyCount "43"]
[EventDate "2018.01.30"]
[EventType "swiss"]
[EventRounds "9"]
[EventCountry "SRB"]
[SourceTitle "CBM 182 Extra"]
[Source "ChessBase"]
[SourceDate "2018.02.23"]
[SourceVersion "1"]
[SourceVersionDate "2018.02.23"]
[SourceQuality "1"]

1. d4 f5 2. Bg5 b6 3. c4 Bb7 4. Nc3 Nf6 5. e3 e6 6. Nf3 Be7 7. Bd3 Nc6 8. a3 d6 9. 0-0 0-0 10. Qc2 Qe8 11. d5 exd5 12. cxd5 Ne5 13. Nxe5 dxe5 14. Bxf6 Rxf6 15. Bxf5 Qh5 16. Be4 Raf8 17. f3 Bc5 18. Rae1 Rh6 19. h3 Qg5 20. Qe2 Rxh3 21. Bb1 Ba6 22. Qxa6 1-0

[Event "Paracin-ch"]
[Site "Paracin"]
[Date "2017.02.02"]
[Round "3"]
[White "Tosic, Srecko"]
[Black "Pavlovic, Slobodan Z"]
[Result "1-0"]
[WhiteElo "2334"]
[BlackElo "1759"]
[PlyCount "45"]
[EventDate "2017.01.31"]
[EventType "swiss"]
[EventRounds "9"]
[EventCountry "SRB"]
[SourceTitle "CBM 176 Extra"]
[Source "ChessBase"]
[SourceDate "2017.03.02"]
[SourceVersion "1"]
[SourceVersionDate "2017.03.02"]
[SourceQuality "1"]

1. e4 c5 2. Nf3 Nc6 3. d4 cxd4 4. Nxd4 e6 5. Nc3 a6 6. g3 h6 7. Bg2 Nf6 8. 0-0 Be7 9. Re1 Nxd4 10. Qxd4 Qc7 11. e5 Bc5 12. Qf4 Nh5 13. Qf3 g6 14. g4 Ng7 15. Ne4 Be7 16. Bd2 h5 17. h3 hxg4 18. hxg4 Qxe5 19. Bf4 Qxb2 20. Nd6+ Bxd6 21. Bxd6 f6 22. Rab1 Qd4 23. Red1 1-0

[Event "Paracin-ch"]
[Site "Paracin"]
[Date "2016.01.19"]
[Round "1"]
[White "Tosic, Srecko"]
[Black "Pavlovic, Slobodan Z"]
[Result "1-0"]
[WhiteElo "2362"]
[BlackElo "1792"]
[PlyCount "71"]
[EventDate "2016.01.19"]
[EventType "swiss"]
[EventRounds "9"]
[EventCountry "SRB"]
[SourceTitle "CBM 170 Extra"]
[Source "ChessBase"]
[SourceDate "2016.02.25"]
[SourceVersion "1"]
[SourceVersionDate "2016.02.25"]
[SourceQuality "1"]

1. d4 g6 2. e4 Bg7 3. Nc3 a6 4. h4 e6 5. Bg5 f6 6. Be3 Ne7 7. Qd2 Nbc6 8. 0-0-0 b5 9. Bh6 0-0 10. Bxg7 Kxg7 11. f4 d5 12. e5 Nf5 13. Nce2 fxe5 14. dxe5 d4 15. Qe1 a5 16. Nf3 Ne3 17. Rd2 Nc4 18. Rd3 Qe7 19. Kb1 Nb4 20. Rxd4 c5 21. Rd1 Bb7 22. Nc3 Rxf4 23. h5 Bxf3 24. gxf3 Rd8 25. Rxd8 Qxd8 26. Bxc4 Rxc4 27. hxg6 h6 28. a3 Nxc2 29. Kxc2 b4 30. Qf1 Qd5 31. Qc1 b3+ 32. Kb1 Qd3+ 33. Ka1 h5 34. Rxh5 Rf4 35. Qxf4 Qf1+ 36. Nb1 1-0

[Event "Paracin"]
[Site "Paracin"]
[Date "2015.12.01"]
[Round "4"]
[White "Brankovic, Slavoljub"]
[Black "Pavlovic, Slobodan Z"]
[Result "1-0"]
[WhiteElo "1745"]
[BlackElo "1792"]
[PlyCount "77"]
[EventDate "2015.11.29"]
[EventType "tourn"]
[EventRounds "9"]
[EventCountry "SRB"]
[SourceTitle "CBM 170 Extra"]
[Source "ChessBase"]
[SourceDate "2016.02.25"]
[SourceVersion "1"]
[SourceVersionDate "2016.02.25"]
[SourceQuality "1"]

1. c4 c5 2. Nc3 Nc6 3. Nf3 Nf6 4. e3 d6 5. d4 cxd4 6. exd4 a6 7. d5 Nb8 8. h3 g6 9. Bg5 Bg7 10. Qd2 0-0 11. Bd3 e5 12. dxe6 Bxe6 13. 0-0 Nc6 14. Rad1 Qc7 15. b3 Rfe8 16. Rfe1 Rab8 17. Bb1 Rbd8 18. Bf4 Ne5 19. Qe3 Nxf3+ 20. Qxf3 Nh5 21. Bh2 Qa5 22. Ne2 Bd7 23. Qxb7 Bc3 24. Nxc3 Rxe1+ 25. Rxe1 Qxc3 26. Rd1 Re8 27. Bxd6 Re1+ 28. Rxe1 Qxe1+ 29. Kh2 Qe6 30. Qd5 Qe8 31. c5 Bc6 32. Qe5 Qa8 33. f3 Bxf3 34. gxf3 Qxf3 35. Be4 Qf2+ 36. Bg2 Nf6 37. c6 Ng4+ 38. hxg4 Qh4+ 39. Kg1 1-0

[Event "Paracin"]
[Site "Paracin"]
[Date "2015.11.29"]
[Round "2"]
[White "Vujcic, Milena"]
[Black "Pavlovic, Slobodan Z"]
[Result "1-0"]
[WhiteElo "1750"]
[BlackElo "1792"]
[PlyCount "71"]
[EventDate "2015.11.29"]
[EventType "tourn"]
[EventRounds "9"]
[EventCountry "SRB"]
[SourceTitle "CBM 170 Extra"]
[Source "ChessBase"]
[SourceDate "2016.02.25"]
[SourceVersion "1"]
[SourceVersionDate "2016.02.25"]
[SourceQuality "1"]

1. e4 g6 2. d4 Bg7 3. Nf3 d6 4. Nc3 Bg4 5. Be2 Nf6 6. h3 Bxf3 7. Bxf3 c6 8. Be3 Nbd7 9. 0-0 0-0 10. Be2 a6 11. f4 Kh8 12. e5 Nd5 13. Nxd5 cxd5 14. c4 dxc4 15. Bxc4 Rc8 16. Bd5 Qb6 17. Qd2 e6 18. Bxe6 fxe6 19. d5 Qd8 20. dxe6 Nc5 21. Bxc5 Rxc5 22. exd6 Qb6 23. Kh1 Qc6 24. Rac1 Qb5 25. e7 Rg8 26. Rfd1 Rxc1 27. Rxc1 Qd7 28. Rc7 Qe6 29. Rc1 g5 30. Re1 Qd7 31. Qd5 Re8 32. Qe6 Qc6 33. d7 Qb5 34. dxe8Q+ Qxe8 35. Rd1 Qb5 36. Rd8+ 1-0

[Event "SRB Central-ch op-B 7th"]
[Site "Paracin"]
[Date "2014.07.04"]
[Round "1"]
[White "Milosevic, Rade"]
[Black "Pavlovic, Slobodan Z"]
[Result "1-0"]
[WhiteElo "2100"]
[BlackElo "1792"]
[PlyCount "82"]
[EventDate "2014.07.04"]
[EventType "swiss"]
[EventRounds "9"]
[EventCountry "SRB"]
[SourceTitle "CBM 161 Extra"]
[Source "ChessBase"]
[SourceDate "2014.08.29"]
[SourceVersion "1"]
[SourceVersionDate "2014.08.29"]
[SourceQuality "1"]

1. Nf3 Nf6 2. c4 c5 3. d4 e6 4. Nc3 Nc6 5. d5 Nd4 6. Nxd4 cxd4 7. Qxd4 b6 8. d6 g6 9. e4 Bg7 10. e5 Nh5 11. h4 Bb7 12. Be3 0-0 13. 0-0-0 f6 14. f3 Ng3 15. Rh3 Nf5 16. Qd2 Nxe3 17. Qxe3 fxe5 18. Bd3 a6 19. Kb1 b5 20. c5 Qa5 21. Be4 Rab8 22. Bxb7 Rxb7 23. Ne4 b4 24. h5 b3 25. a3 Rf4 26. hxg6 h6 27. g3 Rb8 28. gxf4 exf4 29. Qxf4 Rf8 30. Qd2 Qb5 31. Qd3 Qb7 32. Qc4 a5 33. c6 Qc8 34. Rc1 Qe8 35. Rg3 dxc6 36. Qxc6 Qd8 37. d7 Qe7 38. Qd6 Qh4 39. Qxe6+ Kh8 40. Qa6 a4 41. Qxa4 Qe7 1-0

[Event "Paracin-ch"]
[Site "Paracin"]
[Date "2012.01.28"]
[Round "7"]
[White "Pavlovic, Slobodan Z"]
[Black "Vebel, Goran"]
[Result "0-1"]
[WhiteElo "1823"]
[BlackElo "2123"]
[PlyCount "33"]
[EventDate "2012.01.20"]
[EventType "swiss"]
[EventRounds "9"]
[EventCountry "SRB"]
[SourceTitle "CBM 146 Extra"]
[Source "ChessBase"]
[SourceDate "2012.02.29"]
[SourceVersion "1"]
[SourceVersionDate "2012.02.29"]
[SourceQuality "1"]

1. e4 c5 2. Nf3 d6 3. d4 cxd4 4. Nxd4 Nf6 5. Bc4 Nxe4 6. Bxf7+ Kxf7 7. Qh5+ g6 8. Qd5+ e6 9. Qxe4 d5 10. Qe2 Nc6 11. Nf3 Qf6 12. h3 h6 13. c3 Bc5 14. b4 Bd6 15. Bb2 e5 16. b5 Na5 17. Nbd2 0-1

[Event "Paracin-ch"]
[Site "Paracin"]
[Date "2012.01.21"]
[Round "2"]
[White "Milovanovic, Srboljub"]
[Black "Pavlovic, Slobodan Z"]
[Result "1-0"]
[WhiteElo "2203"]
[BlackElo "1823"]
[PlyCount "53"]
[EventDate "2012.01.20"]
[EventType "swiss"]
[EventRounds "9"]
[EventCountry "SRB"]
[SourceTitle "CBM 146 Extra"]
[Source "ChessBase"]
[SourceDate "2012.02.29"]
[SourceVersion "1"]
[SourceVersionDate "2012.02.29"]
[SourceQuality "1"]

1. d4 d5 2. c4 dxc4 3. Nc3 Nf6 4. e3 e6 5. Nf3 c6 6. a4 Nbd7 7. Bxc4 Nb6 8. Ba2 Be7 9. 0-0 Qc7 10. e4 Ng4 11. h3 h5 12. hxg4 hxg4 13. Ne5 Nd7 14. Qxg4 Nxe5 15. dxe5 Bd7 16. Bf4 0-0-0 17. g3 g5 18. Be3 Kb8 19. Kg2 Rhf8 20. Bxg5 Bxg5 21. Qxg5 Rg8 22. Qf4 f6 23. Rad1 fxe5 24. Qe3 Rdf8 25. Qc5 Qd8 26. Qd6+ Ka8 27. Qxd7 1-0

[Event "SRB Central-ch op-B 4th"]
[Site "Paracin"]
[Date "2011.07.12"]
[Round "6"]
[White "Ostojic, Nikola M"]
[Black "Pavlovic, Slobodan Z"]
[Result "1-0"]
[WhiteElo "2093"]
[BlackElo "1841"]
[PlyCount "137"]
[EventDate "2011.07.08"]
[EventType "swiss"]
[EventRounds "9"]
[EventCountry "SRB"]
[SourceTitle "CBM 143 Extra"]
[Source "ChessBase"]
[SourceDate "2011.08.29"]
[SourceVersion "1"]
[SourceVersionDate "2011.08.29"]
[SourceQuality "1"]

1. d4 d5 2. c4 e6 3. Nc3 Nf6 4. Bg5 Be7 5. e3 0-0 6. Nf3 a6 7. cxd5 exd5 8. Qc2 Nc6 9. a3 Re8 10. Bd3 g6 11. 0-0 Bg4 12. Nd2 Kg7 13. b4 Ng8 14. Bf4 Bg5 15. Bg3 Nf6 16. h3 Be6 17. Rfc1 Ne7 18. Nf3 Bh6 19. Na4 c6 20. Nc5 Bc8 21. a4 b6 22. Nb3 Kg8 23. b5 axb5 24. axb5 Rxa1 25. Rxa1 Bf5 26. Ra7 cxb5 27. Bc7 Qc8 28. Ne5 Bxd3 29. Qxd3 Ne4 30. Qxb5 Rf8 31. Qd7 Nf5 32. Qxd5 Nf6 33. Qc6 Bg7 34. Bxb6 Qxc6 35. Nxc6 Ne4 36. Nc5 Nc3 37. Ne7+ Nxe7 38. Rxe7 Nd5 39. Rb7 Ra8 40. Ba7 Bf8 41. Nd7 Bd6 42. Nb6 Nxb6 43. Rxb6 Bc7 44. Rb7 Bd6 45. Rd7 Bf8 46. Bc5 Ra1+ 47. Kh2 Bxc5 48. dxc5 Rc1 49. Rc7 Kg7 50. Kg3 Kf6 51. h4 h5 52. Kf4 Rc4+ 53. e4 Ke6 54. Ke3 f5 55. exf5+ Kxf5 56. g3 Ke5 57. Kd3 Rc1 58. Rc6 Kf5 59. Rc8 Ke6 60. c6 Kd6 61. Rg8 Rd1+ 62. Ke2 Ra1 63. Rxg6+ Kc7 64. Ke3 Ra3+ 65. Kf4 Ra4+ 66. Ke5 Ra5+ 67. Kf6 Rc5 68. f4 Kb6 69. Kg7 1-0